5 World Capitals on a Map in 25 Seconds - Statistics

General Stats
  • This quiz has been taken 643 times
  • The average score is 3 of 5
Answers on the Map
Answers color-coded by a green-red scale on the quiz's map according to % correct below.
 
Answer Stats
capital % Correct
Abuja
100%
Algiers
100%
Amman
100%
Amsterdam
100%
Andorra la Vella
100%
Ashgabat
100%
Asunción
100%
Athens
100%
Baku
100%
Beijing
100%
Belgrade
100%
Berlin
100%
Bogotá
100%
Brasília
100%
Bratislava
100%
Brazzaville
100%
Brussels
100%
Budapest
100%
Cairo
100%
Chișinău
100%
Colombo
100%
Conakry
100%
Georgetown
100%
Guatemala City
100%
Havana
100%
Helsinki
100%
Jakarta
100%
Kabul
100%
Khartoum
100%
Kingston
100%
Kuala Lumpur
100%
Lima
100%
Lisbon
100%
Lomé
100%
London
100%
Luxembourg
100%
Manila
100%
Maseru
100%
Mexico City
100%
Minsk
100%
Montevideo
100%
Moscow
100%
Nairobi
100%
Nicosia
100%
Nur-Sultan
100%
Oslo
100%
Ouagadougou
100%
Paramaribo
100%
Paris
100%
Phnom Penh
100%
Port-au-Prince
100%
Port Moresby
100%
Prague
100%
Quito
100%
Rabat
100%
Sana'a
100%
Sofia
100%
Stockholm
100%
Tallinn
100%
Tegucigalpa
100%
Tirana
100%
Tokyo
100%
Ulaanbaatar
100%
Warsaw
100%
Washington
100%
Wellington
100%
Windhoek
100%
Yaren
100%
Buenos Aires
75%
Dhaka
75%
Hanoi
75%
Lusaka
75%
Monrovia
75%
Ottawa
75%
Asmara
67%
Kampala
67%
Mogadishu
67%
Nassau
67%
Nukuʻalofa
67%
Pristina
67%
Riga
67%
Rome / Vatican
67%
Santiago
67%
Vaduz
67%
Victoria
67%
Vientiane
67%
Accra
50%
Bangkok
50%
Bridgetown
50%
Copenhagen
50%
Djibouti
50%
Doha
50%
Jerusalem
50%
Juba
50%
Kinshasa
50%
Kuwait City
50%
Ljubljana
50%
Luanda
50%
Niamey
50%
Panama City
50%
Port-of-Spain
50%
Praia
50%
San Salvador
50%
Singapore
50%
Skopje
50%
Suva
50%
Tashkent
50%
Tehran
50%
Thimphu
50%
Tripoli
50%
Vilnius
50%
Yaoundé
50%
Bucharest
33%
Majuro
33%
São Tomé
33%
Abu Dhabi
0%
Addis Ababa
0%
Ankara
0%
Antananarivo
0%
Apia
0%
Baghdad
0%
Bamako
0%
Bandar Seri Begawan
0%
Bangui
0%
Banjul
0%
Basseterre
0%
Beirut
0%
Belmopan
0%
Bern
0%
Bishkek
0%
Bissau
0%
Canberra
0%
Caracas
0%
Castries
0%
Dakar
0%
Damascus
0%
Dili
0%
Dodoma
0%
Dublin
0%
Dushanbe
0%
Freetown
0%
Funafuti
0%
Gaborone
0%
Gitega
0%
Harare
0%
Honiara
0%
Islamabad
0%
Kathmandu
0%
Kiev
0%
Kigali
0%
Kingstown
0%
La Paz <i>or</i> Sucre
0%
Libreville
0%
Lilongwe
0%
Madrid
0%
Malabo
0%
Malé
0%
Managua
0%
Manama
0%
Maputo
0%
Mbabane
0%
Monaco
0%
Moroni
0%
Muscat
0%
Naypyidaw
0%
N'Djamena
0%
New Delhi
0%
Ngerulmud
0%
Nouakchott
0%
Palikir
0%
Podgorica
0%
Port Louis
0%
Porto-Novo <i>or</i> Cotonou
0%
Port Vila
0%
Pretoria, Cape Town, <i>or</i> Bloemfontein
0%
Pyongyang
0%
Reykjavík
0%
Riyadh
0%
Roseau
0%
Saint George's
0%
Saint John's
0%
San José
0%
San Marino
0%
Santo Domingo
0%
Sarajevo
0%
Seoul
0%
South Tarawa
0%
Taipei
0%
Tbilisi
0%
Tunis
0%
Valletta
0%
Vienna
0%
Yamoussoukro
0%
Yerevan
0%
Zagreb
0%
No matching quizzes found
Score Distribution
Percent of People with Each Score
Percentile by Number Answered
Your Score History
You have not taken this quiz